Geography Quiz

Random Geography or State Quiz

States of Austria Quiz Stats

 Plays Quiz Updated Jan 12, 2012

Score 0/9 Timer 04:00
6 Plays Today
% Correct
Vienna
95.2%
Tyrol
72.6%
Salzburg
71.6%
Upper Austria
59.2%
Lower Austria
59%
Styria
50.1%
Carinthia
49.2%
Burgenland
45.9%
Vorarlberg
43.6%

You're not logged in!

Compare scores with friends on all Sporcle quizzes.
OR
Log In

Sporcle TV

Today on Sporcle TV


Watch our educational content, quiz creation guides, and fun videos on Sporcle TV.

Show Comments

Extras

Top Quizzes Today


Score Distribution

Your Account Isn't Verified!

In order to create a playlist on Sporcle, you need to verify the email address you used during registration. Go to your Sporcle Settings to finish the process.

Report this User

Report this user for behavior that violates our Community Guidelines.

Details: